00658nam a2200205 a 450000100060000000300080000600500170001400800410003103500190007204000290009104100080012008200220012810000330015024500980018325000110028126000540029230000350034650400510038165100200043228600BD-RjUL20211209051314.0140331t19631961enka b 001 0 eng d a(BD-RjUL)28681 aLCbengcLCdLCdBD-RjUL aeng00a962.403bHOM 19631 aHolt, P. M.q(Peter Malcolm)12aA modern history of the Sudan :bfrom the Funj Sultanate to the present day /cby P. M. Holt. a2d ed. aLondon:bWeidenfeld and Nicolson ,cc1961 [1963]. axiii, 247 p. :bill. ;c22 cm. aIncludes bibliographical references and index. 0aSudanxHistory.